Kluby Ekstraklasy 24/25 - Statystyki

Ogólne statystyki
  • Ten quiz został rozwiązany 98 razy
  • Średni wynik to 14 z 18
Statystyki odpowiedzi
Hint Odpowiedź % Poprawnych
Mazowieckie Legia Warszawa
99%
Wielkopolskie Lech Poznań
97%
Zachodnio-Pomorskie Pogoń Szczecin
86%
Dolnośląskie Śląsk Wrocław
86%
Łódzkie Widzew Łódź
86%
Podlaskie Jagiellonia Białystok
83%
Pomorskie Lechia Gdańsk
83%
Małopolskie Cracovia Kraków
78%
Śląskie GKS Katowice
78%
Śląskie Górnik Zabrze
76%
Świętokrzyskie Korona Kielce
74%
Lubelskie Motor Lublin
74%
Dolnośląskie Zagłębie Lubin
70%
Mazowieckie Radomiak Radom
66%
Śląskie Raków Częstochowa
64%
Podkarpackie Stal Mielec
64%
Małopolskie Puszcza Niepołomice
62%
Śląskie Piast Gliwice
59%
Nie znaleziono quizów pasujących do podanych kryteriów
Rozkład punktacji
Procent ludzi z każdym wynikiem
Percentyl według liczby udzielonych odpowiedzi
Twoja historia wyników
Nie rozwiązałeś tego quizu